=LDR 00000nam 2200000 4500 =001 INLIS000000000009683 =005 20130612101453 =008 ***********************************Ind** =035 ##$$0010-061300000009683 =041 ##$$a Ind =082 ##$$a 634.65 =090 ##$$a 634.65, San s =100 ##$$a Santoso, Hieronymus Budy =245 ##$$a Salak Pondok, Hiereonimus Budy Santoso =260 ##$$a 2000 $b Yogyakarta =300 ##$$a 60 hlm, ilus, 21 cm =650 ##$$a Salak =850 ##$$a NBPNMAT